| 000 | 00337nam a2200097Ia 4500 | ||
|---|---|---|---|
| 008 | 171204s9999 xx 000 0 und d | ||
| 245 | _aFamilies of Virtue: Confucian and Western Views on Childhood Development | ||
| 260 | _c2015 | ||
| 650 | _xPRF Ed 1: Child & Adolescent Development | ||
| 856 | _uhttp://down.ebook777.com/033/0231171552.pdf | ||
| 999 |
_c345840 _d345840 |
||